[Event "SVK-chT1E 0001"]
[Site "Slovakia"]
[Date "2001.??.??"]
[Round "10"]
[White "Hanuliak, Stanislav"]
[Black "Lukac, Jozef"]
[Result "0-1"]
[WhiteElo "2126"]
[BlackElo "2115"]
[PlyCount "156"]
[EventDate "2000.??.??"]
[EventType "team"]
[EventRounds "11"]
[EventCountry "SVK"]
[SourceTitle "EXT 2002"]
[Source "ChessBase"]
[SourceDate "2001.11.25"]
[SourceVersion "1"]
[SourceVersionDate "2001.11.25"]
[SourceQuality "1"]

1. d4 c5 2. e3 Nf6 3. Nf3 e6 4. c4 cxd4 5. exd4 Bb4+ 6. Bd2 Be7 7. Nc3 b6 8. Be2 Bb7 9. 0-0 0-0 10. Bg5 d6 11. Rc1 Nbd7 12. Re1 d5 13. Ne5 dxc4 14. Bxc4 Nxe5 15. dxe5 Nd7 16. Bxe7 Qxe7 17. Qg4 Rac8 18. Bb3 Rc5 19. f4 Rfc8 20. Rcd1 b5 21. h4 a5 22. a3 Rxc3 23. bxc3 Rxc3 24. Ba2 h5 25. Qxh5 Qc5+ 26. Kh2 Qf2 27. Qg4 Bf3 28. Qh3 Bxg2 29. Qxg2 Qxf4+ 30. Kg1 Rg3 31. Rxd7 Rxg2+ 32. Kxg2 Qxh4 33. Red1 Qe4+ 34. Kf2 Qf4+ 35. Kg2 g6 36. Rd8+ Kg7 37. R8d7 Qxe5 38. Bb1 Qb2+ 39. R7d2 Qxa3 40. Rd7 Qb2+ 41. R7d2 Qe5 42. Rd7 Qe2+ 43. Kg1 Qg4+ 44. Kh1 Qc4 45. Kg1 e5 46. R1d6 Kh6 47. Bd3 Qg4+ 48. Kf1 Qf3+ 49. Ke1 e4 50. Bxb5 Qc3+ 51. Kf1 Qc1+ 52. Rd1 Qf4+ 53. Ke1 Qh4+ 54. Kf1 Qh3+ 55. Ke1 Qc3+ 56. Kf1 Qf6+ 57. Ke1 e3 58. R1d5 a4 59. Rd4 a3 60. Ra4 Qc3+ 61. Kf1 Qc1+ 62. Ke2 Qb2+ 63. Kxe3 Qxb5 64. Rda7 f5 65. Rxa3 Qe5+ 66. Kf2 Qf4+ 67. Kg2 Qe4+ 68. Kh2 Qe2+ 69. Kh1 Kg5 70. R3a5 Kg4 71. Ra2 Qf1+ 72. Kh2 Qh3+ 73. Kg1 Qe3+ 74. Kh1 f4 75. Rg2+ Kf3 76. Raa2 Qc1+ 77. Kh2 Qc5 78. Rae2 g5 0-1